| 000 | 00444cam a2200169 4500 | ||
|---|---|---|---|
| 001 | D13455 | ||
| 008 | 090401t1900 xxu||||| |||| 00| 0 eng d | ||
| 035 | _a(Sirsi) u9877 | ||
| 041 | _aeng | ||
| 100 | _aMitchell, G.S. | ||
| 245 | _aNotes on the valuation of agricultural tenant-right: intended for the use of students | ||
| 260 |
_aLondon _bFrank P Wilson _c1900 |
||
| 350 | _a0 | ||
| 520 | _aShelf 132 | ||
| 942 | _n0 | ||
| 948 | _c04/03/1997 | ||
| 999 |
_c86675 _d86675 |
||